Clicca il continente giusto dato il paese - Statistics

Statistiche generali
  • Questo quiz è stato fatto 159 volte
  • Il punteggio medio è 134 su 196
Statistiche sulle risposte
Hint Risposta % Corretto
Canada America del Nord
79%
Namibia Africa
78%
Repubblica del Congo Africa
77%
Gabon Africa
77%
Camerun Africa
77%
Costa d'Avorio Africa
77%
Gambia Africa
77%
Svizzera Europa
77%
Marocco Africa
76%
Zimbabwe Africa
76%
Sudafrica Africa
76%
Venezuela America del Sud
76%
Kazakistan Asia
76%
Pakistan Asia
76%
Ucraina Europa
76%
Macedonia del Nord Europa
76%
Montenegro Europa
76%
Nigeria Africa
74%
Kenya Africa
74%
Zambia Africa
74%
Botswana Africa
74%
Ghana Africa
74%
Stati Uniti America del Nord
74%
Uruguay America del Sud
74%
Iran Asia
74%
Thailandia Asia
74%
Portogallo Europa
74%
Monaco Europa
74%
Finlandia Europa
74%
Tunisia Africa
73%
Algeria Africa
73%
Mali Africa
73%
Sudan del Sud Africa
73%
Uganda Africa
73%
Bahamas America del Nord
73%
Argentina America del Sud
73%
Tagikistan Asia
73%
Uzbekistan Asia
73%
Cina Asia
73%
Corea del Nord Asia
73%
Italia Europa
73%
Regno Unito Europa
73%
Bielorussia Europa
73%
Bosnia ed Erzegovina Europa
73%
Australia Oceania
73%
Niger Africa
72%
Repubblica Centroafricana Africa
72%
Lesotho Africa
72%
Brasile America del Sud
72%
Cile America del Sud
72%
Paraguay America del Sud
72%
Ecuador America del Sud
72%
Colombia America del Sud
72%
India Asia
72%
Belgio Europa
72%
Irlanda Europa
72%
Estonia Europa
72%
Lettonia Europa
72%
Lituania Europa
72%
Croazia Europa
72%
Slovenia Europa
72%
Polonia Europa
72%
Nuova Zelanda Oceania
72%
Egitto Africa
71%
Libia Africa
71%
Sudan Africa
71%
Somalia Africa
71%
Repubblica Democratica del Congo Africa
71%
Mozambico Africa
71%
Guinea-Bissau Africa
71%
Senegal Africa
71%
Burkina Faso Africa
71%
Bolivia America del Sud
71%
Giordania Asia
71%
Turkmenistan Asia
71%
Giappone Asia
71%
Taiwan Asia
71%
Bangladesh Asia
71%
Paesi Bassi Europa
71%
Danimarca Europa
71%
Malta Europa
71%
Svezia Europa
71%
Norvegia Europa
71%
Romania Europa
71%
Moldavia Europa
71%
Albania Europa
71%
Serbia Europa
71%
Kosovo Europa
71%
Ciad Africa
70%
Angola Africa
70%
Ruanda Africa
70%
Burundi Africa
70%
Guinea Africa
70%
Liberia Africa
70%
Sierra Leone Africa
70%
Perù America del Sud
70%
Israele Asia
70%
Iraq Asia
70%
Arabia Saudita Asia
70%
Qatar Asia
70%
Kirghizistan Asia
70%
Afghanistan Asia
70%
Nepal Asia
70%
Bhutan Asia
70%
Mongolia Asia
70%
Vietnam Asia
70%
Laos Asia
70%
Indonesia Asia
70%
Spagna Europa
70%
Francia Europa
70%
Islanda Europa
70%
Grecia Europa
70%
Slovacchia Europa
70%
Ungheria Europa
70%
Repubblica Ceca Europa
70%
Bulgaria Europa
70%
Mauritania Africa
68%
Messico America del Nord
68%
Azerbaigian Asia
68%
Siria Asia
68%
Yemen Asia
68%
Kuwait Asia
68%
Corea del Sud Asia
68%
Malesia Asia
68%
Singapore Asia
68%
Andorra Europa
68%
Liechtenstein Europa
68%
San Marino Europa
68%
Città del Vaticano Europa
68%
Etiopia Africa
67%
Eritrea Africa
67%
Tanzania Africa
67%
Madagascar Africa
67%
Cuba America del Nord
67%
Barbados America del Nord
67%
Emirati Arabi Uniti Asia
67%
Myanmar Asia
67%
Filippine Asia
67%
Lussemburgo Europa
67%
Austria Europa
67%
Vanuatu Oceania
67%
Comore Africa
66%
Capo Verde Africa
66%
Haiti America del Nord
66%
Libano Asia
66%
Oman Asia
66%
Bahrain Asia
66%
Sri Lanka Asia
66%
Germania Europa
66%
Malawi Africa
65%
Togo Africa
65%
Saint Vincent e Grenadine America del Nord
65%
Isole Marshall Oceania
65%
Isole Salomone Oceania
65%
Tuvalu Oceania
65%
Gibuti Africa
63%
Seychelles Africa
63%
Mauritius Africa
63%
Guinea Equatoriale Africa
63%
Costa Rica America del Nord
63%
Cambogia Asia
63%
Palau Oceania
63%
Nauru Oceania
63%
Benin Africa
62%
Honduras America del Nord
62%
Panama America del Nord
62%
Antigua e Barbuda America del Nord
62%
Georgia Asia
62%
Micronesia Oceania
62%
Samoa Oceania
62%
Figi Oceania
62%
Repubblica Dominicana America del Nord
61%
Giamaica America del Nord
61%
Santa Lucia America del Nord
61%
Saint Kitts e Nevis America del Nord
61%
Eswatini Africa
60%
Dominica America del Nord
60%
Armenia Asia
60%
Papua Nuova Guinea Oceania
60%
Sao Tome e Principé Africa
59%
Trinidad e Tobago America del Nord
59%
Grenada America del Nord
59%
Suriname America del Sud
59%
Brunei Asia
59%
Timor Est Asia
59%
Maldive Asia
59%
Guatemala America del Nord
57%
Nicaragua America del Nord
57%
Turchia Asia
57%
El Salvador America del Nord
56%
Guyana America del Sud
56%
Russia Europa
56%
Belize America del Nord
55%
Kiribati Oceania
52%
Tonga Oceania
48%
Cipro Asia
34%
Nessun quiz corrispondente trovato
Distribuzione punteggi
Percentuale di utenti per punteggio
Percentile per numero di risposta
I tuoi punteggi nel tempo
Non hai fatto questo quiz